<?xml version="1.0" encoding="UTF-8"?>
<record
    xmlns:xsi="http://www.w3.org/2001/XMLSchema-instance"
    xsi:schemaLocation="http://www.loc.gov/MARC21/slim http://www.loc.gov/standards/marcxml/schema/MARC21slim.xsd"
    xmlns="http://www.loc.gov/MARC21/slim">

  <leader>01723nam a22002177a 4500</leader>
  <controlfield tag="008">170708s2015        ne||||| |||| 00| 0 eng d</controlfield>
  <datafield tag="020" ind1=" " ind2=" ">
    <subfield code="a">9780949004031</subfield>
  </datafield>
  <datafield tag="082" ind1="0" ind2="4">
    <subfield code="a">707</subfield>
    <subfield code="b">O586u</subfield>
  </datafield>
  <datafield tag="100" ind1="1" ind2=" ">
    <subfield code="a">O'Neill, Paul.</subfield>
    <subfield code="9">5472</subfield>
  </datafield>
  <datafield tag="245" ind1="1" ind2="0">
    <subfield code="a">Curating research /</subfield>
    <subfield code="c">editado por Paul O'Neill y Mick Wilson.</subfield>
  </datafield>
  <datafield tag="250" ind1=" " ind2=" ">
    <subfield code="a">1a edici&#xF3;n.</subfield>
  </datafield>
  <datafield tag="260" ind1=" " ind2=" ">
    <subfield code="a">Pa&#xED;ses Bajos :</subfield>
    <subfield code="b">Open Editions,</subfield>
    <subfield code="c">2015.</subfield>
  </datafield>
  <datafield tag="300" ind1=" " ind2=" ">
    <subfield code="a">262 p&#xE1;ginas.</subfield>
  </datafield>
  <datafield tag="505" ind1="0" ind2=" ">
    <subfield code="t">An opening to curatorial enquiry: introduction to curating and research</subfield>
    <subfield code="r">Paul O'Neill y Mick Wilson.</subfield>
    <subfield code="t">The complete curator</subfield>
    <subfield code="r">Liam Gillick.</subfield>
    <subfield code="t">Towards the exhibition as research</subfield>
    <subfield code="r">Simon Sheikh.</subfield>
    <subfield code="t">Renewing the curatorial refrain: sustainable research in contemporary art</subfield>
    <subfield code="r">Maja y Reuben Fowkes.</subfield>
    <subfield code="t">And the question is...</subfield>
    <subfield code="r">Georgina Jackson.</subfield>
    <subfield code="t">Academy as exhibition</subfield>
    <subfield code="r">Henk Slager.</subfield>
    <subfield code="t">What if an institution was curated? intermediae as an institutional hypothesis</subfield>
    <subfield code="r">Olga Fernandez Lopez.</subfield>
    <subfield code="t">Post-research notes: (re)search for the true self-managed art</subfield>
    <subfield code="r">Jelna Vesic.</subfield>
    <subfield code="t">Movements that matter: the projekt migration (2003-06)</subfield>
    <subfield code="r">Marion von Osten.</subfield>
    <subfield code="t">Action research: generative curatorial practices</subfield>
    <subfield code="r">Kate Fowle.</subfield>
    <subfield code="t">Home Works</subfield>
    <subfield code="r">Sidsel Nelund.</subfield>
    <subfield code="t">Evolving archive: Asia art archive</subfield>
    <subfield code="r">Hyunjoo Byeon.</subfield>
    <subfield code="t">In the time of trying: if i can't dance, i don'nt want to be part of the revolution</subfield>
    <subfield code="r">Vivian Ziherl.</subfield>
    <subfield code="t">Drafts, acts and lapses: eastside projects</subfield>
    <subfield code="r">Chris Fite-Wassilak.</subfield>
    <subfield code="t">Our own bubbles of ignorance: the aesthetic of research of some biennales</subfield>
    <subfield code="r">Carson Chan y Joanna Warsza.</subfield>
    <subfield code="t">Curatorial dictionary: unpacking the oxymoron</subfield>
    <subfield code="r">Tranzit.hu.</subfield>
  </datafield>
  <datafield tag="653" ind1="1" ind2="0">
    <subfield code="a">Curadur&#xED;a</subfield>
  </datafield>
  <datafield tag="653" ind1="1" ind2="0">
    <subfield code="a">Pr&#xE1;cticas curatoriales</subfield>
  </datafield>
  <datafield tag="653" ind1="1" ind2="0">
    <subfield code="a">Curadores</subfield>
  </datafield>
  <datafield tag="653" ind1="1" ind2="0">
    <subfield code="a">Arte contempor&#xE1;neo</subfield>
  </datafield>
  <datafield tag="653" ind1="1" ind2="0">
    <subfield code="a">Investigaci&#xF3;n curatorial</subfield>
  </datafield>
  <datafield tag="700" ind1="1" ind2=" ">
    <subfield code="a">Wilson, Mick.</subfield>
    <subfield code="e">editor.</subfield>
    <subfield code="9">5857</subfield>
  </datafield>
  <datafield tag="999" ind1=" " ind2=" ">
    <subfield code="c">1221</subfield>
    <subfield code="d">1221</subfield>
  </datafield>
  <datafield tag="952" ind1=" " ind2=" ">
    <subfield code="0">0</subfield>
    <subfield code="1">0</subfield>
    <subfield code="2">ddc</subfield>
    <subfield code="4">0</subfield>
    <subfield code="7">0</subfield>
    <subfield code="a">LV</subfield>
    <subfield code="b">LV</subfield>
    <subfield code="c">Monograf&#xED;as</subfield>
    <subfield code="d">2017-07-08</subfield>
    <subfield code="l">0</subfield>
    <subfield code="o">707 O586u</subfield>
    <subfield code="p">004411</subfield>
    <subfield code="r">2017-07-08 00:00:00</subfield>
    <subfield code="w">2017-07-08</subfield>
    <subfield code="y">01</subfield>
  </datafield>
</record>
